Slovenské ekonomické fórum o bankách

Z obsahu: Bez dlho odkladaných legislatívnych zmien je ozdravenie bánk vylúčené. Štát bankám škodí, preto bude musieť i pomáhať. Všeobecná úverová banka mieni riešiť problémy s likviditou aj znižovaním objemu úverov. Bankový dohľad bez kvalitnej legislatívy nemá šancu. Privatizácia bánk je jediným v...

Ausführliche Beschreibung

Gespeichert in:
Bibliographische Detailangaben
1. Verfasser: Kovalčík, Ján
Format: Buchkapitel
Sprache:Slowakisch
Schlagworte:
Tags: Tag hinzufügen
Keine Tags, Fügen Sie das erste Tag hinzu!

MARC

LEADER 00000naa a2200000 4500
001 r034024
005 20230921103337.9
041 0 |a slo 
044 |a SK 
245 1 0 |a Slovenské ekonomické fórum o bankách  |c Ján Kovalčík 
520 |a Z obsahu: Bez dlho odkladaných legislatívnych zmien je ozdravenie bánk vylúčené. Štát bankám škodí, preto bude musieť i pomáhať. Všeobecná úverová banka mieni riešiť problémy s likviditou aj znižovaním objemu úverov. Bankový dohľad bez kvalitnej legislatívy nemá šancu. Privatizácia bánk je jediným východiskom. Fúzia VÚB a SLSP v neskoršej budúcnosti nie je vylúčená. Kapitalizácia pohľadávok ich rizikovosť nevyrieši. 
610 2 0 |a banky 
610 2 0 |a bankovníctvo 
610 2 0 |a oživenie 
610 2 0 |a privatizácia 
610 2 0 |a fúzie 
610 2 0 |a likvidita 
610 2 0 |a pohľadávky 
610 2 0 |a legislatíva 
610 2 0 |a Slovensko 
610 2 0 |a VÚB Bratislava 
100 1 |a Kovalčík, Ján